00401 a2200169 450000100060000002000180000604100080002425000110003230000100004349000220005383000220007585600240009704000250012110000230014624500370016926000250020648512 a9788508073399 apor a1. Ed. a40 p. aPiririca da serra aPiririca da serra u000008/0000086e.jpg aBR-BrIDEAcBR-BrIDEA aFurnari, Evad194810aOperação risotoc Ev Furnari a[S.l.bÁticac1999